Basic manufacturing processes : (Record no. 20790)
[ view plain ]
| 000 -LEADER | |
|---|---|
| fixed length control field | 00765nam a22002175a 4500 |
| 005 - DATE AND TIME OF LATEST TRANSACTION | |
| control field | 20151124111240.0 |
| 008 - FIXED-LENGTH DATA ELEMENTS--GENERAL INFORMATION | |
| fixed length control field | 150831r20152014ii a fr 000 0 eng d |
| 040 ## - CATALOGING SOURCE | |
| Original cataloging agency | EG-ScBUE |
| Language of cataloging | eng |
| Transcribing agency | EG-ScBUE |
| 082 04 - DEWEY DECIMAL CLASSIFICATION NUMBER | |
| Edition number | 22 |
| Classification number | 670.42 |
| Item number | SIN |
| 100 1# - MAIN ENTRY--PERSONAL NAME | |
| Personal name | Singh, U. K. |
| 9 (RLIN) | 38788 |
| 245 10 - TITLE STATEMENT | |
| Title | Basic manufacturing processes : |
| Remainder of title | as per the new syllabus of GBTU (common to all branches of engineering) / |
| Statement of responsibility, etc | U. K. Singh & Manish Dwivedi. |
| 250 ## - EDITION STATEMENT | |
| Edition statement | 3rd ed., Reprint ed. |
| 260 ## - PUBLICATION, DISTRIBUTION, ETC. (IMPRINT) | |
| Place of publication, distribution, etc | New Delhi : |
| Name of publisher, distributor, etc | New Age International (P) Limited, |
| Date of publication, distribution, etc | 2015. |
| 300 ## - PHYSICAL DESCRIPTION | |
| Extent | xiv, 181 p. : |
| Other physical details | ill. ; |
| Dimensions | 27 cm. |
| 500 ## - GENERAL NOTE | |
| General note | Reprinted of the 2014 ed. |
| 650 ## - SUBJECT ADDED ENTRY--TOPICAL TERM | |
| Source of heading or term | BUEsh |
| Topical term or geographic name as entry element | Manufacturing processes |
| 651 ## - SUBJECT ADDED ENTRY--GEOGRAPHIC NAME | |
| Source of heading or term | BUEsh |
| 653 ## - INDEX TERM--UNCONTROLLED | |
| Resource For college | Engineering, General |
| Arrived date list | August2015 |
| -- | November2015 |
| 700 1# - ADDED ENTRY--PERSONAL NAME | |
| Personal name | Dwivedi, Manish |
| 942 ## - ADDED ENTRY ELEMENTS (KOHA) | |
| Source of classification or shelving scheme | Dewey Decimal Classification |
| Withdrawn status | Lost status | Source of classification or shelving scheme | Damaged status | Not for loan | Koha collection | Home library | Current library | Shelving location | Date acquired | Source of acquisition | Cost, normal purchase price | Serial Enumeration / chronology | Total Checkouts | Full call number | Barcode | Date last seen | Cost, replacement price | Koha item type |
|---|---|---|---|---|---|---|---|---|---|---|---|---|---|---|---|---|---|---|
| Dewey Decimal Classification | Baccah | Central Library | Central Library | First floor | 31/08/2015 | Purchase | 104.00 | 21761 | 670.42 SIN | 000030910 | 15/07/2025 | 130.00 | Book - Borrowing |